Evaluación tecnología del proceso de producción del carbón vegetal fabricado en la cooperativa de productos agroforestales de Posoltega, León

Presenta el proceso de obtener carbón vegetal a partir de leña, muestra un análisis comparativo entre dos técnicas, la del horno contenedor y la parva, analizando la calidad del carbón producido con estas tecnologías y la eficiencia de las mismas en la conversión de la leña a carbón y sus c...

Full description

Bibliographic Details
Main Author: Mayorga Valdez, Eleazar A
Other Authors: Tutor: Solórzano Moody, Silvio
Format: Tesis Section = Libro
Language:Undetermined
Spanish
Published: Managua UNI 2012
Subjects:
LEADER 01135nam a2200229Ia 4500
008 240830s9999 xx 000 0 und d
040 |a CEDOC DACA-RUSB / Mon 662.74 M473 
041 |a spa 
082 |a Mon 662.74 M473 
100 1 |a Mayorga Valdez, Eleazar A 
245 1 0 |a Evaluación tecnología del proceso de producción del carbón vegetal fabricado en la cooperativa de productos agroforestales de Posoltega, León 
260 |a Managua  |b UNI  |c 2012 
300 |a 72 p. :il 
502 |a Tesis (Ingeniero Químico) -UNI, 2012. 
520 3 |a Presenta el proceso de obtener carbón vegetal a partir de leña, muestra un análisis comparativo entre dos técnicas, la del horno contenedor y la parva, analizando la calidad del carbón producido con estas tecnologías y la eficiencia de las mismas en la conversión de la leña a carbón y sus costos de operación. 
650 7 |a CARBÓN VEGETAL - PREPARACION 
650 7 |b  CARBÓN VEGETAL - HORNO DE TIERRA - PARVA. 
650 7 |c  CARBÓN VEGETAL - HORNO METALICO.  
700 1 |a Tutor:  |b Solórzano Moody, Silvio 
942 |c BK  |2 ddc 
991 |a TESIS 
999 |c 26047